Monster Trucks #3 - Statistics

General Stats
  • This quiz has been taken 10 times
  • The average score is 12 of 16
Answer Stats
Picture Answer % Correct
Alien Invasion
100%
Gas Monkey Garage
86%
Goldberg
86%
Ice Cream Man
86%
Monster Energy
86%
Stone Crusher
86%
Bearfoot
71%
Big Kahuna
71%
Hooked
71%
Lucas Oil Crusader
71%
Tailgator
71%
Time Flys
71%
USA-1
71%
Bad Habit Relapse
57%
Terminal Velocity
57%
Super Pete
43%
No matching quizzes found
Score Distribution
Percent of People with Each Score
Percentile by Number Answered
Your Score History
You have not taken this quiz